Los informes, un instrumento de individualización en la enseñanza (Record no. 72205)
[ view plain ]
| 000 -CABECERA | |
|---|---|
| campo de control de longitud fija | 00577nam a2200205 a 4500 |
| 005 - FECHA Y HORA DE LA ÚLTIMA TRANSACCIÓN | |
| campo de control | 20210223123945.0 |
| 008 - ELEMENTOS DE LONGITUD FIJA--INFORMACIÓN GENERAL | |
| campo de control de longitud fija | 991125n 000 0 spa u |
| 035 ## - NÚMERO DE CONTROL DEL SISTEMA | |
| Número de control de sistema | UPN01000086202 |
| 100 1# - ASIENTO PRINCIPAL--NOMBRE PERSONAL | |
| Nombre de persona | Apel, Tuli |
| 9 (RLIN) | 31167 |
| 222 ## - TÍTULO CLAVE | |
| Título clave | LA EDUCACION EN LOS PRIMEROS AÑOS |
| 245 ## - MENCIÓN DE TÍTULO | |
| Título | Los informes, un instrumento de individualización en la enseñanza |
| 260 ## - PUBLICACIÓN, DISTRIBUCIÓN, ETC. | |
| Lugar de publicación, distribución, etc. | México |
| 300 ## - DESCRIPCIÓN FÍSICA | |
| Extensión | 20-41 |
| 362 0# - FECHAS DE PUBLICACIÓN Y/O DESIGNACIÓN SECUENCIAL | |
| Fecha de publicación y/o designación secuencial | 1999 Año 2, no. 15, ago. |
| 653 0# - TERMINO DE INDIZACION - NO CONTROLADO | |
| Término no controlado | FAMILIA |
| 653 0# - TERMINO DE INDIZACION - NO CONTROLADO | |
| Término no controlado | INTERACCION PADRES-MAESTRO |
| 653 0# - TERMINO DE INDIZACION - NO CONTROLADO | |
| Término no controlado | JARDIN DE NIÑOS |
| 904 ## - ELEMENTOS DE DATOS D LOCAL, LDD (RLIN) | |
| a | AC |
| b | 024013 |
| 905 ## - TIPO DE MATERIAL | |
| Tipo de material | Articulo |
No items available.
